| 000 | 01258nam a2200217Ia 4500 | ||
|---|---|---|---|
| 003 | Ost | ||
| 005 | 20260507075030.0 | ||
| 008 | 260507s9999||||xx |||||||||||||| ||und|| | ||
| 020 | _a634009975 | ||
| 040 | _cfsecg | ||
| 041 | _aara | ||
| 082 | _a330 | ||
| 100 |
_aجربوع، يوسف محمود _eمؤلف |
||
| 245 | 0 |
_aنظرية المحاسبة : _bالفروض، المفاهيم، المبادئ والمعايير / _c يوسف محمود جربوع |
|
| 260 |
_aعمان: _bمؤسسة الوراق للنشر والتوزيع, _c2001 |
||
| 300 |
_a388 صفحة؛ _bإيضاحات ؛ _c24 سم |
||
| 520 | _aالتطور الفكري المحاسبي، المفاهيم والإطار النظري للمحاسبة، المفاهيم الأساسية للمحاسبة، الفروض والمبادئ المحاسبية الأساسية، القوائم المالية، الإستهلاك في المحاسبة، تقويم بضاعة آخر المدة محاسبة نفقات البحث والتطوير، المعلومات التي تعكس آثار تغيير الأسعار، المعالجة المحاسبية لتكاليف البيئة | ||
| 653 | _aالمحاسبة | ||
| 653 | _aالمحاسبة- نظريات | ||
| 942 | _cكتاب | ||
| 999 |
_c42394 _d42394 |
||